|
|
|
|
| LEADER |
00000nab a2200000uu 4500 |
| 001 |
vtls011525602 |
| 003 |
SK-MaSNL |
| 005 |
20260303221235.0 |
| 008 |
230704|1973 xo |||||||||||||||||slo| |
| 015 |
|
|
|a SNBRB
|
| 035 |
|
|
|a (urnnbn)urn:nbn:sk:snk:ar-008lz9
|
| 035 |
|
|
|a (uuid)fc1f7a5e-8097-46bd-8033-a865bfa28a38
|
| 035 |
|
|
|a urn:nbn:sk:snk-abecvb
|
| 040 |
|
|
|a SNKBUCL
|b slo
|c SNKBUCL
|e AACR2
|
| 041 |
0 |
|
|a slo
|
| 044 |
|
|
|a xo
|c SK
|
| 100 |
1 |
|
|a Šimiak, Andrej,
|d 1927-1989
|4 aut
|9 40164
|
| 245 |
1 |
0 |
|a Básne
|c Andrej Šimiak
|
| 246 |
3 |
|
|a Slepcov krasopis
|
| 246 |
3 |
|
|a Vyšívačka krojov
|
| 655 |
|
7 |
|a slovenská poézia
|2 SNKPH
|9 70444
|
| 773 |
0 |
|
|t Slovenské pohľady
|g Roč. 89, č. 10 (1973), s. 88-89
|
| 850 |
|
|
|a Slovenská národná knižnica
|
| 852 |
|
|
|a Slovenská národná knižnica
|
| 954 |
|
|
|a beletria pôvodná (slovenská)
|2 lita
|
| 958 |
|
|
|a OND
|
| 958 |
|
|
|a EUIPO
|
| 958 |
|
|
|a article21
|
| 999 |
|
|
|c 2232017
|d 2233947
|